| 000 | 00530nam a22001697a 4500 | ||
|---|---|---|---|
| 005 | 20251108164931.0 | ||
| 008 | 250721s1982 xx 000 0 ara d | ||
| 082 | 1 | 4 | _a964/محم |
| 100 | 1 | _aبن تاويت، محمد | |
| 245 | 1 | 0 | _aتاريخ سبته / |
| 264 | 1 |
_aالدار البيضاء : _bمنشورات الجمعية المغربية للتأليف و النشر، _c1982. |
|
| 300 | _a231ص | ||
| 650 | 1 | 7 | _aتاريخ المغرب |
| 650 | 1 | 7 | _aالتاريخ السياسي |
| 942 |
_2ddc _cBK |
||
| 999 |
_c17797 _d17797 |
||